Cartapacio de Derecho

Bibliographic Details
Format: eBook
Language:Spanish
Published: [S.L.] : Universidad Nacional de la Provincia de Buenos Aires, 2001 -
Subjects:
Online Access:Acceso restringido

MARC

LEADER 00000nam a22000007a 4500
005 20180409142628.0
007 cr|||| ||||
008 180409c20019999ar fr|| s|||| 0|||b1spa d
035 |a 21326 
040 |a vLex 
090 |c 7703  |d 7703 
245 0 0 |a Cartapacio de Derecho  |h [Recurso electrn̤ico] 
256 |a Servicio en ln̕ea 
260 |a [S.L.] :  |b Universidad Nacional de la Provincia de Buenos Aires,  |c 2001 -  
300 |a 1 recurso electrn̤ico 
362 |a Num. 1 (2001) - 
506 |a Disponible en los productos indicados  |d vLex Global  |d vLex Global (Academic Edition, excluding Law Schools)  |d vLex Global (U.S. Academic Edition, Law Schools)  |d vLex Global (U.S. Academic Edition, excluding Law Schools)  |d vLex Global (Academic Edition, Law Schools) 
650 0 4 |a Derecho  |z Argentina 
740 0 |a vLex Revistas (Servicio en ln̕ea) 
856 4 0 |u http://vlex.com/source/cartapacio-derecho-21326  |z Acceso restringido 
942 |c REV 
999 0 0 |a Law